Physlet physics : Interactive illustrations, explorations, and problems for introductory physics
For courses in Introductory Physics. This book and CD package furnishes students with a host of interactive, computer-based exercises and study resources that span the entire introductory physics curriculum. Using a practical yet engaging structure, Physlet(R) Physics presents a wide spectrum of &qu...
Đã lưu trong:
| Príomhúdar: | |
|---|---|
| Formáid: | Leabhar |
| Teanga: | Undetermined |
| Foilsithe: |
Upper Saddle River, N.J.
Prentice Hall
2004
|
| Ábhair: | |
| Clibeanna: |
Cuir Clib Leis
Gan Chlibeanna, Bí ar an gcéad duine leis an taifead seo a chlibeáil!
|
| Thư viện lưu trữ: | Trung tâm Học liệu Trường Đại học Cần Thơ |
|---|
| LEADER | 01274nam a2200217Ia 4500 | ||
|---|---|---|---|
| 001 | CTU_158486 | ||
| 008 | 210402s9999 xx 000 0 und d | ||
| 020 | |c 16.49 | ||
| 082 | |a 530.0785 | ||
| 082 | |b C555 | ||
| 100 | |a Christian, Wolfgang | ||
| 245 | 0 | |a Physlet physics : | |
| 245 | 0 | |b Interactive illustrations, explorations, and problems for introductory physics | |
| 245 | 0 | |c Wolfgang Christian and Mario Belloni ; with contributing authors, Thomas M. Colbert ... [et al.]. | |
| 260 | |a Upper Saddle River, N.J. | ||
| 260 | |b Prentice Hall | ||
| 260 | |c 2004 | ||
| 520 | |a For courses in Introductory Physics. This book and CD package furnishes students with a host of interactive, computer-based exercises and study resources that span the entire introductory physics curriculum. Using a practical yet engaging structure, Physlet(R) Physics presents a wide spectrum of "media-focused" critical thinking and problem-solving exercises, and provides students with an interactive visual representation of the physical phenomena they see in introductory physics textbooks. | ||
| 650 | |a Physics,Internet in education,Physics,Vật lý,Vật lý,Internet trong giáo dục | ||
| 904 | |i Thùy, Năm | ||
| 980 | |a Trung tâm Học liệu Trường Đại học Cần Thơ | ||